| 000 | 00977nam a2200229 a 4500 | ||
|---|---|---|---|
| 001 | 000253162 | ||
| 003 | AM-YeHGA | ||
| 005 | 20250618071711.0 | ||
| 008 | 030808s1955 ||||||||||||||||||||arm d | ||
| 040 | _aAM-YeHGA | ||
| 100 | 1 |
_aԱրազի, Մովսես, _d1878-1964 _9972 |
|
| 245 | 1 | 0 |
_aԵրկերի ժողովածու : _b3 հ. / _cԱրազի; Խմբ.՝ Մ. Ավագյան, Ս. Ումառյան, Ռ. Սարգսյան; Նկ.՝ Ա. Խուդավերդյան. |
| 260 |
_aԵրևան : _bՀայպետհրատ, _c1955. |
||
| 300 |
_a3 հ. ; _c21 սմ. |
||
| 505 | 1 | 0 |
_gՀ. 1 (1955, 370 էջ) _gՀ. 2 (1956, 359 էջ) _gՀ. 3 (1957, 423 էջ) |
| 650 | 1 | 4 |
_aՀայ գրականություն _xԱրձակ |
| 700 | 1 |
_aԱվագյան, Մ. _eխմբ. _4edt |
|
| 700 | 1 |
_aՈւմառյան, Սերգեյ Հովհաննեսի, _d1920-1995 _eխմբ. _4edt _92472 |
|
| 700 | 1 |
_aՍարգսյան, Ռ. _eխմբ. _4edt |
|
| 700 | 1 |
_aԽուդավերդյան, Ա. _eնկ. _4art _98581 |
|
| 090 | _c92205 | ||
| 999 |
_c90910 _d90910 |
||